000
00277nam a22001337a 4500
008
170522b xxu||||| |||| 00| 0 eng d
020
_a
0691002177
041
_a
eng
080
_a
94
100
_a
16
101
_a
SHH
245
_a
AKHENATEN
_c
REDFORD, D.B
942
_2
udc
_c
BK
999
_c
13612
_d
13612